000 01169cam a2200313 a 4500
999 _c41525
_d41525
001 12019387
003 OSt
005 20220919133540.0
008 000524s2000 enk b 001 0 eng
010 _a 00130567
020 _a0761963081
020 _a076196309X (pbk.)
040 _aDLC
_cDLC
_dDLC
043 _ae-uk---
050 0 0 _aBF637.C6
_bB58 2000
082 0 0 _a174.915
_221
_bBON/S
100 1 _aBond, Tim
_99100
245 1 0 _aStandards and ethics for counselling in action /
_cTim Bond.
250 _a2nd ed.
260 _aLondon ;
_aThousand Oaks, Calif. :
_bSage Publications,
_c2000.
300 _axiv, 263 p. ;
_c23 cm.
440 0 _aCounselling in action
504 _aIncludes bibliographical references (p. 247-256) and index.
650 0 _aCounseling
_xMoral and ethical aspects
_zGreat Britain.
650 0 _aCounselors
_xProfessional ethics
_zGreat Britain.
856 4 2 _3Publisher description
_uhttp://www.loc.gov/catdir/enhancements/fy0657/00130567-d.html
856 4 1 _3Table of contents only
_uhttp://www.loc.gov/catdir/enhancements/fy0657/00130567-t.html
942 _2ddc
_cBK
_h174.915
_iBON/S
_k174.915
_mBON/S